000 00818cab a2200181 4500
001 ##L131569
008 051116n2005 000 0 eng u
035 _a(Sirsi) u131569
041 0 _aeng
100 1 _aMajekodunmi, Olufunmi
245 0 0 _aThey think it's all over
260 _c2005
490 0 _aConstruction Manager!vNovember/December 2005, 12-19(5)
520 _aInterview with Mike Richardson, construction director for Wembley National Stadium Ltd. Discusses the relationship with main contractor Multiplex, whether the project will be finished on time, and the problems with steel contractor Cleveland Bridge.
650 2 4 _aWEMBLEY STADIUM
690 _aPROPERTY-COMMERCIAL PROPERTY-LEISURE PROPERTY-SPORTS PROPERTY-STADIUM, ARENA AND SPORT COMPLEX PROPERTY-STADIA, ARENAS AND COMPLEXES
942 _n0
999 _c76171
_d76171